000 00508 a2200205 4500
005 20260226114837.0
008 260223b |||||||| |||| 00| 0 eng d
020 _a9789386906441
_cRs. 495.00
040 _aMAIN
082 _a613.7046
_bM52Y
100 _aMenon, Shailaja
245 _aYoga shakti: Awaken your own power
260 _bNiyogi Books
_c2018
_aNew Delhi
300 _a179
650 _aAsanas
650 _aYoga
650 _aPostures- Yoga
700 _aTharoor, Shashi
942 _cBK
999 _c396108
_d396108